Æthiopia : pays, histoire, populations, croyances, art & artisanat /

محفوظ في:

مؤلفون مشاركون: Cultures & communications (asbl), Gorden & Breach Arts International., Musée royal de l'Afrique centrale.

مؤلفون آخرون: Stappen, Xavier van der.

التنسيق: كتاب

اللغة: French

منشور في: [Belgium] : Cultures & Communications, Gordon & Breach, Arts International, 1996.

الموضوعات:

الوسوم: إضافة وسم

لا توجد وسوم, كن أول من يضع وسما على هذه التسجيلة!

رقم الطلب: DT379.5 .A68

LEADER 01280nam a22002897a 4500
003 OSt
005 20260420184037.0
008 260420t1996 be ab bc 000 0 fre d
010 |a 98179522 
040 |c ARCE Library 
043 |a f-et--- 
050 1 4 |a DT379.5  |b .A68 
245 0 0 |a Æthiopia :   |b pays, histoire, populations, croyances, art & artisanat /   |c sous la directions de Cultures & communications, Gorden, Breach Arts International ; [coordination générale et rédaction, Xavier Van der Stappen]. 
246 3 |a Aethiopia. 
264 1 |a [Belgium] :   |b Cultures & Communications, Gordon & Breach, Arts International,   |c 1996. 
300 |a 375 pages :   |b illustrations (chiefly color), maps ;   |c 30 cm. 
500 |a Catalogue of an exhibition, "Aethiopia, peuples d'Ethiopie", held at the Musée royal de l'Afrique centrale, Tervuren, March-Sept. 1996. 
504 |a Includes bibliographical references (p. 365-370) 
650 0 |a Art, Ethiopian  |v Exhibitions. 
651 0 |a Ethiopia  |x Civilization  |v Exhibitions. 
700 1 |a Stappen, Xavier van der.  |9 40433 
710 2 |a Cultures & communications (asbl) 
710 2 |a Gorden & Breach Arts International.  |9 22219 
710 2 |a Musée royal de l'Afrique centrale. 
901 |a reviewed 
942 |c BK  |2 lcc 
999 |c 23123  |d 23123